| 000 -LEADER |
| fixed length control field |
01155nam a2200253Ia 4500 |
| 001 - CONTROL NUMBER |
| control field |
18113 |
| 003 - CONTROL NUMBER IDENTIFIER |
| control field |
GE_BSU |
| 008 - FIXED-LENGTH DATA ELEMENTS--GENERAL INFORMATION |
| fixed length control field |
181216s||||||||xx |||||||||||||| ||und|| |
| 020 ## - INTERNATIONAL STANDARD BOOK NUMBER |
| International Standard Book Number |
ISSN 15120953 |
| 040 ## - CATALOGING SOURCE |
| Transcribing agency |
GE_BSU |
| 080 ## - UNIVERSAL DECIMAL CLASSIFICATION NUMBER |
| Universal Decimal Classification number |
811.353.1(063)94(=353.1)(560) |
| 245 ## - TITLE STATEMENT |
| Title |
ქართველური მემკვიდრეობა. XI |
| 245 ## - TITLE STATEMENT |
| Statement of responsibility, etc. |
მთავ. რედ. ტ.ფუტკარაძე. |
| 250 ## - EDITION STATEMENT |
| Edition statement |
აკაკი წერეთლის სახელობის სახ. უნ-ტი |
| 260 ## - PUBLICATION, DISTRIBUTION, ETC. |
| Place of publication, distribution, etc. |
ქუთაისი |
| 260 ## - PUBLICATION, DISTRIBUTION, ETC. |
| Name of publisher, distributor, etc. |
ქუთაისი სახ-ფო უნ-ტი |
| 260 ## - PUBLICATION, DISTRIBUTION, ETC. |
| Date of publication, distribution, etc. |
2007 |
| 300 ## - PHYSICAL DESCRIPTION |
| Extent |
431გვ.24სმ. |
| 520 ## - SUMMARY, ETC. |
| Summary, etc. |
ეძღვნება სტამბოლის ქართულ სავანეში პირველი წიგნის გამოცემიდან 130 წლისთავს. |
| 653 ## - INDEX TERM--UNCONTROLLED |
| Uncontrolled term |
ქართველი ენათმეცნიერიური დიალექტოლოგია |
| 653 ## - INDEX TERM--UNCONTROLLED |
| Uncontrolled term |
ქართველური მემკვიდრეობა. XI |
| 942 ## - ADDED ENTRY ELEMENTS (KOHA) |
| Koha item type |
წიგნი |